000 00307nam a22001337a 4500
008 170522b xxu||||| |||| 00| 0 eng d
020 _a9780471842699
041 _aeng
080 _22ND
_a94
100 _a16
101 _aSHH
245 _aCOUNSELING THE CULTURALLY DIFFERENT
_cSUE,D.W
942 _2udc
_cBK
999 _c13655
_d13655